[Event "Linares 15th"]
[Site "Linares"]
[Date "1998.03.06"]
[Round "11"]
[White "Svidler, Peter"]
[Black "Topalov, Veselin"]
[Result "1-0"]
[WhiteElo "2690"]
[BlackElo "2740"]
[Annotator "Petursson,M"]
[PlyCount "133"]
[EventDate "1998.02.22"]
[EventType "tourn"]
[EventRounds "12"]
[EventCountry "ESP"]
[EventCategory "21"]
[SourceTitle "CBM 064"]
[Source "ChessBase"]
[SourceDate "1998.06.02"]
[SourceVersion "1"]
[SourceVersionDate "1998.06.02"]
[SourceQuality "1"]

1. e4 e5 2. Nf3 Nc6 3. Bb5 Nf6 4. O-O Nxe4 5. d4 Nd6 6. Bxc6 dxc6 7. dxe5 Nf5
8. Qxd8+ Kxd8 9. Nc3 Ke8 10. Rd1 Ne7 11. Nd4 Ng6 12. f4 (12. Ne4 Be7 13. f4 {
This in a way looks impressive, but the problem is how to ever achieve the
thrust f5.} Bg4 14. Rd3 Rd8 15. h3 Bd7 16. Be3 c5 17. Ne2 b6 18. c4 h5 {
1/2-1/2 Peng Xiaomin-Almasi,Z/FIDE-Wch k.o. 1997/CBM 63 [Wedberg] (33)}) 12...
Bc5 13. Ne4 (13. Be3 Bxd4 14. Rxd4 Bf5 15. Rc1 b6 16. b4 Ne7 17. Bf2 Rd8 18.
Rxd8+ Kxd8 19. Bh4 Ke8 20. Ne2 Ng6 21. Bg3 h5 {Ye Jiangchuan-Rausis,I/Lee Cup
1996/EXP 54/1/2-1/2 (48)}) 13... Bxd4+ 14. Rxd4 b6 15. Be3 h5 16. Re1 Be6 17.
Ng5 Bf5 18. Rc4 Ne7 19. Rd1 a5 20. Bf2 c5 21. Rc3 Ng6 22. Re1 Rg8 (22... Ke7
$142 23. Z0 Rhd8) 23. a3 a4 24. e6 f6 25. Ne4 h4 26. Rc4 Ke7 $2 (26... Ra5 $142
$11) {[%tqu "En","Can you find the strongest move for White in this position?",
"Break through on the dark squares!","Sacrifice your knight!","e4c5","",20]}
27. Nxc5 bxc5 28. Rxc5 Nxf4 (28... Bxe6 29. f5 Ne5 30. fxe6 $16) (28... Bg4 29.
h3) 29. Rxf5 Nxe6 30. Bxh4 $16 Rgb8 31. Rc5 Kd6 32. Rc3 Rxb2 33. Bg3+ Kd7 34.
Rd1+ Ke8 35. Rc6 Kf7 36. Rd7+ Ke8 37. Rd1 Kf7 38. Re1 Re8 39. Re4 Ra2 40. Rxa4
Rd8 41. Re4 Rd1+ 42. Kf2 Nd4 43. Rxc7+ Kg6 44. Rg4+ Kf5 45. Rc5+ Ke6 46. Re4+
Kf7 47. Rc7+ Kg6 48. Rg4+ Kf5 49. Rc5+ Ke6 50. Rxg7 Nxc2 51. Rc6+ Kf5 52. Rc5+
Ke6 53. Kf3 Nd4+ 54. Kg4 Rxa3 55. Rc8 Ra4 56. Re8+ Kd5 57. Rd7+ Kc4 58. Bf2 Kc3
59. Bxd4+ Rdxd4+ 60. Rxd4 Kxd4 61. Kf5 Ra2 62. g4 Rf2+ 63. Kg6 Rf4 64. Kh5 f5
65. g5 Re4 66. Rf8 Ke5 67. Kg6 1-0

[Event "Madrid Magistral 7th"]
[Site "Madrid"]
[Date "1998.05.13"]
[Round "3"]
[White "Beliavsky, Alexander G"]
[Black "Svidler, Peter"]
[Result "0-1"]
[WhiteElo "2690"]
[BlackElo "2690"]
[Annotator "Ubilava,E"]
[PlyCount "86"]
[EventDate "1998.05.11"]
[EventType "tourn"]
[EventRounds "9"]
[EventCountry "ESP"]
[EventCategory "17"]
[SourceTitle "CBM 065"]
[Source "ChessBase"]
[SourceDate "1998.08.06"]
[SourceVersion "1"]
[SourceVersionDate "1998.08.06"]
[SourceQuality "1"]

1. d4 Nf6 2. c4 g6 3. Nc3 d5 4. cxd5 Nxd5 5. e4 Nxc3 6. bxc3 Bg7 7. Bc4 c5 8.
Ne2 Nc6 9. Be3 cxd4 10. cxd4 Qa5+ 11. Bd2 Qd8 12. Bc3 O-O 13. O-O (13. Qd2 $5 {
/\ h2-h4-h5}) 13... Bg4 14. f3 Bd7 15. Rb1 (15. Qd2 $142 {/\ Rab1/Rac1}) 15...
Qc7 16. Qd2 a6 17. Bb3 b5 18. Kh1 Qb6 19. f4 (19. d5 Bxc3 20. Qxc3 Na5 21. Qd2
Rac8 $11) 19... Rac8 20. f5 b4 21. Ba1 (21. Bxb4 Nxb4 22. a3 Bb5 (22... a5 23.
axb4 axb4 24. fxg6 hxg6 25. e5 $13) 23. axb4 Bxe2 24. Qxe2 Bxd4) 21... Na5 22.
Nf4 (22. d5 $5) 22... Nxb3 23. Rxb3 a5 24. Qf2 $6 (24. Rg3 Rc4 25. d5 Bxa1 26.
Rxa1 Qd4) (24. Rbf3 $5 {/\ 25.Nd5, 26.f6}) 24... Bc6 (24... Rc4 $6 25. Nd5 Qd6
26. Rf3 $36) 25. Re1 e5 $1 26. f6 Bxf6 27. Nh5 (27. Nd3 Ba4) 27... Bh8 28. Nf6+
Bxf6 29. Qxf6 Qd8 30. dxe5 (30. Qxe5 Re8 31. Qf4 Rxe4 32. Rxe4 Bxe4 $19) (30.
Qxd8 Rfxd8 31. d5 Ba4 32. Rf3 Rc2 33. Bxe5 Rxa2 $19) 30... Qxf6 31. exf6 Bxe4
$19 32. Rbe3 Bd5 33. R3e2 Rfd8 34. Kg1 h6 35. Kf2 Be6 36. a3 bxa3 37. h3 a2 38.
Be5 a4 39. Ra1 Rc5 40. Bb2 Rb5 41. Rc1 Rdb8 42. Ba1 Rb1 43. Ree1 g5 0-1

[Event "Dortmund SuperGM 26th"]
[Site "Dortmund"]
[Date "1998.06.26"]
[Round "1"]
[White "Svidler, Peter"]
[Black "Almasi, Zoltan"]
[Result "1-0"]
[WhiteElo "2690"]
[BlackElo "2630"]
[Annotator "Wedberg,T"]
[PlyCount "59"]
[EventDate "1998.06.26"]
[EventType "tourn"]
[EventRounds "9"]
[EventCountry "GER"]
[EventCategory "18"]
[SourceTitle "CBM 066"]
[Source "ChessBase"]
[SourceDate "1998.09.30"]
[SourceVersion "1"]
[SourceVersionDate "1998.09.30"]
[SourceQuality "1"]

{Svidler tries a new idea in a line that was more or less considered to be
closed. The verdict was that Black was OK. He may still be OK theoretically.
This game is no real test of Svidlers 17.cxb5.} 1. e4 e5 2. Nf3 Nc6 3. Bb5 a6
4. Ba4 Nf6 5. O-O Be7 6. Re1 b5 7. Bb3 d6 8. c3 O-O 9. h3 Bb7 10. d4 Re8 11.
Nbd2 Bf8 12. a4 h6 13. d5 Nb8 14. c4 c6 15. axb5 (15. dxc6 Nxc6 16. axb5 axb5
17. Rxa8 Qxa8 18. cxb5 Nb4 19. Bc4 d5 $132 {1/2-1/2 Mestel,A-Short,N/Esbjerg
1984/MCL 02 (41)}) 15... axb5 16. Rxa8 Bxa8 17. cxb5 $5 $146 {An interesting
idea. Svidler gives up the centre, but keeps a strong passed P on b5.} (17.
dxc6 Nxc6 (17... b4 18. Ba4 Nxc6 19. Nf1 $14 {1-0 Kasparov,G-Dorfman,J/Tbilisi
1978/URS-ch (39)}) (17... bxc4 18. Nxc4 Nxc6 19. Ba4 Qc7 {1/2-1/2 Kindermann,
S-Hazai,L/Plovdiv 1984/MCD-r8 (19)}) (17... Bxc6 $2 18. cxb5 Bxb5 19. Bxf7+ $18
) 18. cxb5 Nb4 19. Bc4 d5 $132 {1/2-1/2 Rowson,J-Acs,P/Budapest 1996/EXP 52 
(49)}) 17... cxd5 (17... cxb5 18. Bc2 $14 {/\Bb3,קb5}) 18. exd5 Nbd7 $2 (18...
Nxd5 {This must be the right response.} 19. Nc4 (19. Ne4 Nb4 $132 {/\d5}) (19.
Nb1 Nf6 20. Nc3 Nbd7 21. Be3 Qa5 $13) 19... Qd7 (19... Nd7 $2 20. Nxd6 $16) (
19... Nb6 $2 20. Nfxe5 $1 $16) 20. b6 Rc8 $13) (18... Bxd5 19. Bxd5 Nxd5 20.
Nc4 Nf6 (20... Nb6 21. Nfxe5 $16) 21. Bd2 $14) 19. Nb1 $1 {White keeps his
extra P on d5 - and it's a good one.} Nc5 20. Nc3 Nxb3 21. Qxb3 $16 Nd7 22. Be3
f5 23. Nd2 Bb7 24. Ra1 f4 25. Ba7 Nf6 26. f3 Qd7 27. Bf2 Qf7 28. Ra7 Re7 (28...
Ra8 29. Nde4 $18) 29. b6 Rd7 30. Nc4 (30. Nc4 Nxd5 31. Na5 $18) 1-0

[Event "Dortmund SuperGM 26th"]
[Site "Dortmund"]
[Date "1998.07.02"]
[Round "6"]
[White "Svidler, Peter"]
[Black "Shirov, Alexei"]
[Result "1-0"]
[WhiteElo "2690"]
[BlackElo "2710"]
[Annotator "Wedberg,T"]
[PlyCount "81"]
[EventDate "1998.06.26"]
[EventType "tourn"]
[EventRounds "9"]
[EventCountry "GER"]
[EventCategory "18"]
[SourceTitle "CBM 066"]
[Source "ChessBase"]
[SourceDate "1998.09.30"]
[SourceVersion "1"]
[SourceVersionDate "1998.09.30"]
[SourceQuality "1"]

{Shirov tries a new move and later manages to get his N secured on d4. Not
very common in the Berlin defence. Then he spoils the position by making a
dubious P-sacrifice. Svidlers excellent defence, which soon turns into an
attack, refutes the Black plan.} 1. e4 e5 2. Nf3 Nc6 3. Bb5 Nf6 4. O-O Nxe4 5.
d4 Nd6 6. Bxc6 dxc6 7. dxe5 Nf5 8. Qxd8+ Kxd8 9. Nc3 Ke8 10. Rd1 Ne7 11. Nd4
Bg4 $146 (11... Ng6 12. Bg5 (12. f4 Bc5 13. Ne4 (13. Be3 Bxd4 14. Rxd4 Bf5 15.
Rc1 b6 16. b4 Ne7 17. Bf2 Rd8 18. Rxd8+ Kxd8 19. Bh4 Ke8 20. Ne2 $14 {1/2-1/2
Ye Jiangchuan-Rausis,I/Beijing 1996/EXP 54 (48)}) 13... Bxd4+ 14. Rxd4 b6 15.
Be3 h5 16. Re1 Be6 17. Ng5 Bf5 18. Rc4 $14 {1-0 Svidler,P-Topalov,V/Linares
1998/CBM 64 (67)}) (12. Ne4 Be7 13. f4 (13. Re1 c5 14. Nb3 b6 15. Nf6+ $6 $17 (
15. Nd6+ $11) 15... Kf8 16. Nd5 Bd8 17. Nd2 c6 18. Ne3 Nxe5 $17 {0-1 Leko,
P-Almasi,Z/Budapest 1997/CBM 62 (53)}) 13... Bg4 14. Rd3 Rd8 15. h3 Bd7 16. Be3
c5 17. Ne2 b6 18. c4 h5 $11 {1/2-1/2 Peng Xiaomin-Almasi,Z/FIDE-Wch k.o. 1997/
CBM 63 [Wedberg] (33)}) 12... Bd7 13. Re1 h6 14. Bd2 Bc5 15. Nb3 Be7 16. Ne4
Nxe5 17. Bc3 f6 18. Bxe5 fxe5 19. Nec5 Bc8 20. Nd3 $14 {1-0 Almasi,
Z-Dumitrache,D/Odorheiu Secuiesc zt 1995/CBM 47 (67)}) 12. f3 Bd7 13. Ne4 Ng6
14. f4 c5 {Fighting for control over f5, but it's not without drawbacks since
d5 and b5 becomes weak.} (14... Be7 15. Be3 Rd8 16. Rd2 h5 17. h3 $14 {/\Rad1})
15. Ne2 Bg4 16. Kf2 Nh4 17. N4c3 h5 18. h3 (18. Nb5 Rc8 19. Nxa7 Rd8 $132 {
[%csl Ra7,Re2,Rg2] פa7,><g2,פe2}) 18... Bd7 (18... Bf5 $2 19. Nb5 $16) 19.
Ng3 Rc8 20. Nd5 Nf5 21. Ne4 $14 {/\Ndf6+} (21. Nxf5 Bxf5 22. Ne3 Be4 23. f5 $6
h4 $1 {/\Rh5}) 21... Bc6 22. g3 $6 {Preventing h4, but creating a weakness on
h3 and letting Black put his N on d4.} (22. Be3 $5 {Simple chess.} b6 (22...
Nxe3 23. Kxe3 h4 24. c4 $14) 23. Rd2 $36) 22... Nd4 $1 23. c4 f6 $2 {Black
breaks loose at the cost of a P. In practice often a good decision, but here
there was a better option.} (23... Bxd5 $6 24. cxd5 Rd8 25. Nc3 $16) (23... Bd7
$1 {Playing this move for the third time might seem a bit too much, but there
is a new target on h3. By opening up an attack on the White K-side the R on h8
can become active without ever moving.} 24. Kg2 (24. Be3 Bxh3 (24... Nc2 $4 25.
Ndf6+ $18) (24... Bf5 25. Bxd4 cxd4 26. Rxd4 $1 c5 27. Ne3 cxd4 28. Nxf5 Kd7
29. Nfd6 Bxd6 30. Nxd6 $14) 25. Bxd4 cxd4 26. Rxd4 Bf5 $132) 24... Bf5 25. Ndc3
Be7 $15) 24. exf6 gxf6 25. Nexf6+ Kf7 26. Bd2 Bg7 27. Ne4 Rhe8 28. Re1 $1 $16 {
This move takes the sting out of Blacks activity.} (28. Nxc5 $2 Nc2 29. Rac1
Bd4+ 30. Kf1 (30. Kg2 $2 Re2+ 31. Kf3 (31. Kh1 Rd8 $19) 31... Rf2+ 32. Ke4 Bxc5
33. Rxc2 Bd7 $40) 30... Bxc5 31. Rxc2 Bd7 $1 $132) 28... Nc2 29. Ng5+ Kg6 30.
Rxe8 Rxe8 31. Rc1 Bd4+ 32. Kf1 Bxd5 33. Rxc2 Bc6 34. Bc3 h4 (34... Kf5 $142)
35. g4 Re3 36. Bxd4 cxd4 37. Re2 $18 Rg3 38. Re6+ Kg7 39. f5 d3 40. f6+ Kf8 41.
Re7 1-0

[Event "Dortmund SuperGM 26th"]
[Site "Dortmund"]
[Date "1998.07.04"]
[Round "8"]
[White "Svidler, Peter"]
[Black "Ivanchuk, Vassily"]
[Result "1-0"]
[WhiteElo "2690"]
[BlackElo "2740"]
[Annotator "Svidler,P"]
[PlyCount "65"]
[EventDate "1998.06.26"]
[EventType "tourn"]
[EventRounds "9"]
[EventCountry "GER"]
[EventCategory "18"]
[SourceTitle "CBM 066"]
[Source "ChessBase"]
[SourceDate "1998.09.30"]
[SourceVersion "1"]
[SourceVersionDate "1998.09.30"]
[SourceQuality "1"]

{Wedberg: A very nice attacking game by Peter Svidler. He fully exploits the
chances given to him.} 1. e4 {Wedberg} e5 2. Nf3 Nc6 3. Bb5 a6 4. Ba4 Nf6 5.
O-O Be7 6. Re1 b5 7. Bb3 d6 8. c3 O-O 9. h3 Bb7 10. d4 Re8 11. Ng5 Rf8 12. Nf3
Re8 13. Nbd2 Bf8 14. d5 Nb8 15. Nf1 Nbd7 16. Ng3 Rc8 $146 (16... Nc5) (16... g6
{Wedberg} 17. Bg5 (17. Nh2 Nc5 18. Bc2 a5 (18... c6 19. Bg5 h6 20. Bxf6 Qxf6
21. Ng4 Qg5 $11 {1/2-1/2 Arakhamia,K-Cela,A/Ikarios 1995/EXT 95op (42)}) 19.
Qf3 h5 20. Be3 Nfd7 21. b3 Qe7 22. Ngf1 c6 $13 {0-1 Arnason,J-Sturua,Z/
Katerini 1993/TD 93\09 (48)}) 17... h6 18. Be3 Nc5 19. Bc2 c6 20. b4 $14 {
1-0 Renet,O-Guyard,B/Paris 1995/EXT 95op (49)}) (16... h6 {Wedberg} 17. Nf5 Kh7
18. g4 g6 19. Ng3 Nc5 20. Bc2 c6 21. b4 Na4 22. Bxa4 bxa4 23. c4 cxd5 24. cxd5
Qd7 25. Nh2 Rac8 $13 {1/2-1/2 Lautier,J-Almasi,Z/Biel 1996/CBM 55 (47)}) 17.
Nh2 (17. a3 $5 {/\/^a2-g8}) (17. a4 Nc5 18. axb5 axb5 19. Bc2 (19. Ba2 Ra8)
19... c6 20. b4 Ncd7 (20... Na4 21. Bxa4 bxa4 22. c4 $16) 21. dxc6 Rxc6) 17...
Nc5 18. Bc2 c6 19. dxc6 Bxc6 20. Bg5 (20. Ng4) 20... g6 $2 (20... h6 $142 21.
Bxf6 Qxf6 22. Ng4 Qd8 23. Ne3 $14 (23. Nf5 $6 h5 $1)) 21. Ng4 Be7 (21... Bg7 {
Wedberg} 22. Qf3 $36) 22. Nh6+ Kf8 (22... Kg7 23. Qf3 Ne6 (23... Nfxe4 {Wedberg
} 24. Nhf5+ gxf5 25. Nxf5+ Kh8 26. Bxe7 $18) 24. Nhf5+ gxf5 25. Nxf5+ Kg6 (
25... Kf8 26. Nxe7 Nxg5 27. Qxf6 $18) 26. Bxf6 Bxf6 27. Qg3+ Bg5 28. Rad1 $1 (
28. h4 Rc7 29. Rad1 Rd7 30. Rd2 $1 $16) 28... Kf6 29. Rxd6 Qc7 30. h4 Bh6 31.
f4 $3) 23. Qf3 (23. Bb3 Ne6 (23... d5 24. Bxf6 Bxf6 25. Bxd5 $16) 24. h4 Ng8
25. Qf3 (25. Bxe6 fxe6 26. Qf3+ Kg7 27. Qf7+ Kh8 $13) 25... Nxh6 (25... Nxg5
26. hxg5 Nxh6 27. gxh6 f5 28. Nxf5 gxf5 29. Qh5 d5 30. exd5 $18) 26. Bxh6+ (26.
Bxe6 $6 Bxg5 27. Bxc8 Bxh4 $14) 26... Kg8 27. Nf5 Bxh4 (27... Bf6 28. Nxd6) 28.
Ng7 $1 Re7 29. Nxe6 Rxe6 (29... fxe6 30. g3 $18) 30. Bxe6 fxe6 $16) 23... Bd7
$8 {/\Kg8-g7;Re8-f8;Nf6-g8} (23... d5 {Wedberg} 24. Rad1 (24. Nhf5 gxf5 25.
Nxf5 Ng8 $15) 24... d4 25. h4 $16) (23... Ne6 24. h4 Kg7 25. Nhf5+) 24. Red1 $1
Rc6 $8 (24... Be6 $2 25. Ngf5 $1 gxf5 26. exf5 Bd7 (26... Bc4 27. b3 Bd5 28.
Rxd5 e4 29. Qd1 $16) 27. Qg3 $1 Ng8 (27... Nce4 28. Bxe4 Nxe4 29. Bxe7+ Kxe7
30. Qh4+ Kf8 (30... Nf6 31. Ng4 $18) 31. Qxe4 Qf6 32. Ng4 Qxf5 33. Qxf5 Bxf5
34. Ne3 Be6 35. Rxd6 $16) 28. Bxe7+ Nxe7 29. Rxd6 Rc6 (29... Qc7 30. Rf6) 30.
Rad1 (30. Qxe5 Ng8 31. Qd5 Nxh6 32. Rxc6 $18) 30... Qc7 31. Qxe5 Ng8 32. Qh8
Rxd6 33. Qxg8+ Ke7 34. Re1+ $18) 25. b4 $1 Na4 26. Bb3 {Svidler was ready to
make a serious concesion in exposing his c3 pawn. As a compensation the bishop
controls a2-g8 diagonal and multiplies the pressure against black king.} Be6 (
26... Rxc3 27. Nxf7 Rxf3 28. Nxd8 (28. Bh6+ Kg8 29. Nxd8+ Rxb3 30. axb3 Rxd8
31. bxa4 bxa4 $16) 28... Rxb3 (28... Rxd8 29. gxf3 Bxh3 30. Rac1) 29. axb3 Rxd8
30. bxa4 bxa4 31. Bxf6 Bxf6 32. Rxd6 Be7 33. Rd5 $16) 27. c4 $1 (27. Bxa4 bxa4
28. Ngf5 gxf5 29. exf5 e4 30. Qg3 Bc4) 27... Bxc4 (27... Nb2 28. cxb5 axb5 29.
Rdc1 $16 (29. Rac1 {Wedberg} Rxc1 30. Rxc1 Kg7 $14)) 28. Bxa4 bxa4 29. Rac1 d5
(29... Bb5 30. Rxc6 Bxc6 31. Nhf5 $1 gxf5 32. Nxf5 Ng8 (32... Nxe4 33. Bh6+ Kg8
34. Rxd6 $3 Bxd6 35. Qg4+ Ng5 36. Bxg5 $18) 33. Bxe7+ Rxe7 (33... Nxe7 34. Nxd6
$18) 34. Rxd6 Bd7 (34... Qc7 35. Qg3 f6 36. Rxc6 Qxc6 37. Qxg8+ $18) 35. Qg4 f6
36. Nxe7 Kxe7 37. Rxd7+ Qxd7 38. Qg7+ Kd6 39. Qxg8 $16) (29... Rc7 {Wedberg:
might be better.}) 30. Nhf5 $1 gxf5 $2 (30... d4 31. Rxc4 Rxc4 32. Nxe7 Qxe7
33. Bxf6 Qe6 34. Bg5 $16 Rxb4 $2 35. Qa3 Qd6 36. Bd2 Rb6 37. Qxd6+ Rxd6 38. Bb4
$18) (30... Bxb4 {Wedberg} 31. Ne3 $18) 31. Nxf5 $4 Nxe4 $1 (31... Ng8 32. exd5
(32. Nxe7 $2 Nxe7 33. exd5 Bxd5 34. Bxe7+ Kxe7 $1 $19) 32... Bxg5 (32... Rc8
33. Nxe7 Nxe7 34. d6 $18) (32... Bxd5 {Wedberg} 33. Rxd5 Rxc1+ 34. Bxc1 Qc8 35.
Be3 $18) (32... Bxg5 33. dxc6 Bxc1 34. Rxd8 Rxd8 35. Qg4 $18)) (31... d4 {
Wedberg} 32. Bh6+ Kg8 33. Qg3+ Ng4 34. Rxc4 $18) 32. Bh6+ (32. Bxe7+ Rxe7 33.
Qxe4 dxe4 $4 (33... Re8 $3 $17) 34. Rxd8+ Re8 35. Rxe8+ Kxe8 36. Rxc4 $18)
32... Kg8 $4 (32... Rxh6 33. Nxh6 Ng5 $19) 33. Rxc4 $1 (33. Rxc4 Rxc4 {Wedberg:
White still has to make some good moves to win this.} 34. Rxd5 $3 $18 (34.
Nxe7+ $2 Qxe7 35. Qg4+ Ng5 36. Bxg5 Rxg4 37. Bxe7 Rc4 $19) 34... Qc7 (34... Ng5
35. Bxg5 (35. Qg3 $18) 35... Bxg5 36. Rxd8 Rxd8 37. Qg3 f6 38. h4 Rc1+ 39. Kh2
Rdd1 40. Qg4 h5 41. Qxh5 $18) (34... Qc8 35. Nxe7+ Rxe7 36. Qg4+ $18) (34...
Qxd5 35. Nxe7+ Rxe7 36. Qg4+ $18 (36. Qg4+ Kh8 37. Qg7#)) (34... Bg5 {Wedberg}
35. Rxd8 Rxd8 36. Bxg5 Nxg5 37. Qe3 $1 (37. Qg3 f6 38. h4 Rc1+ 39. Kh2 Rdd1 40.
Qg4 Rh1+ 41. Kg3 Rh3+ 42. gxh3 Rg1+ 43. Kh2 Rxg4 44. hxg4 Ne4 $15) 37... f6 38.
Qa7 Nf7 39. Qe7 $18) 35. Nxe7+ Qxe7 36. Qg4+ Ng5 37. Qxc4 Qf6 38. Bxg5 Qxg5 39.
Qxa6 Qc1+ 40. Qf1 Qb2 41. Qc4 $18) 1-0

[Event "Bad Homburg"]
[Site "Bad Homburg"]
[Date "1998.07.17"]
[Round "1"]
[White "Svidler, Peter"]
[Black "Jussupow, Artur"]
[Result "1/2-1/2"]
[WhiteElo "2690"]
[BlackElo "2630"]
[Annotator "Lukacs,P"]
[PlyCount "46"]
[EventDate "1998.07.17"]
[EventType "tourn"]
[EventRounds "9"]
[EventCountry "GER"]
[EventCategory "13"]
[SourceTitle "CBM 066"]
[Source "ChessBase"]
[SourceDate "1998.09.30"]
[SourceVersion "1"]
[SourceVersionDate "1998.09.30"]
[SourceQuality "1"]

1. e4 e5 2. Nf3 Nf6 3. d4 Nxe4 4. Bd3 d5 5. Nxe5 Nd7 6. Nxd7 Bxd7 7. O-O Bd6 8.
c4 c6 9. cxd5 cxd5 10. Qh5 O-O 11. Qxd5 Bc6 {This positional P sacrifice is
more and more popular amongst the leading grandmasters. It is easy to
understand this trend, because the ^^ and the development problems of White
give Black good chances for equalization.} 12. Qh5 g6 (12... Bc7 13. Be3 g6 14.
Qh3 {(Sveshnikov-Mejers, SU 1991)} Ng5 15. Qh6 Ne6 16. Nc3 Nxd4 17. Rad1 Be5
18. Rfe1 $14 {White has given back the extra P, but his pieces are better
developed, and the pressure on the e and d <-> is also important}) (12... Bb4
13. Be3 Re8 14. a3 g6 15. Qh3 {- 12...g6}) 13. Qh3 (13. Qh6 {runs into Bf8
after} Re8 14. Nc3 Bf8 15. Qf4 Qxd4 $11) 13... Bb4 (13... Rc8 {See the notes
of Shirov-Kramnik, Cazorla (m/4) 1998 CBM 65.}) (13... Qb6 {See J.
Polgar-Jussupow/ CBM 47}) 14. Be3 (14. Nc3 Bxc3 15. Bxe4 {1/2:1/2
Smirin-Jussupow/CBM 65}) 14... Re8 15. a3 Ba5 16. Rc1 Rc8 (16... h5 {see
Svidler-Anand here in CBM 66.}) 17. Qh6 (17. Nc3 $1 {gives back the P
immediately, but in open positions the finishing of development is of high
importance.} Nxc3 18. bxc3 Bd7 19. Qg3 Rxc3 (19... Bxc3 20. Rab1 Be6 (20... b6
21. Ba6) 21. Bb5 $16) 20. Rxc3 Bxc3 21. Rc1 Bb2 22. Rb1 (22. Rc7 $2 {founders
on backrank motifs:} Bxd4 $1 {/\} 23. Bxd4 Re1+ 24. Bf1 Bb5) 22... Bxa3 23.
Rxb7 $14) 17... Bb6 18. Nc3 {[#]} Nxf2 $3 {This is a beautiful sacrifice in
order to drive the enemy K to the middle of the board!} 19. Bxf2 (19. Kxf2 Rxe3
$1 20. Kxe3 Qxd4+ 21. Kd2 Rd8 22. Qh3 Qf2+ 23. Ne2 Re8 $40 {Black is a R down,
but White's K is in clear and present danger because of Black's ^^ and
menacing heavy artillery.}) 19... Bxd4 20. Rd1 (20. Qd2 Bxf2+ 21. Kxf2 Qd4+ 22.
Kf1 Rcd8 23. Rd1 Rd6 $40 {/\ Rf6}) 20... Bxf2+ 21. Kxf2 Qb6+ (21... Qd4+ $5 {
was also very exciting, for example:} 22. Kf1 Re6 {/\ Rf6} 23. Be2 (23. Ne2
Rf6+ 24. Ke1 Qxb2 $17) (23. Bf5 Qf6 $17) 23... Rf6+ 24. Bf3 Qc4+ 25. Kf2 Re8
26. Qd2 Qh4+ 27. Kg1 Rxf3 28. gxf3 Bxf3) 22. Kf1 Qxb2 23. Qd2 (23. Ne2 Bxg2+ $1
24. Kxg2 Rxe2+ 25. Bxe2 Qxe2+ $11) 23... Qxc3 $1 $11 {and the wild
complications end in a pieceful draw.} (23... Qxc3 24. Qxc3 Bxg2+ 25. Kxg2 Rxc3
$11) 1/2-1/2

[Event "Bad Homburg"]
[Site "Bad Homburg"]
[Date "1998.07.18"]
[Round "2"]
[White "Zhu, Chen"]
[Black "Svidler, Peter"]
[Result "1/2-1/2"]
[WhiteElo "2490"]
[BlackElo "2690"]
[Annotator "King,D"]
[PlyCount "40"]
[EventDate "1998.07.17"]
[EventType "tourn"]
[EventRounds "9"]
[EventCountry "GER"]
[EventCategory "13"]
[SourceTitle "CBM 066"]
[Source "ChessBase"]
[SourceDate "1998.09.30"]
[SourceVersion "1"]
[SourceVersionDate "1998.09.30"]
[SourceQuality "1"]

1. d4 Nf6 2. c4 g6 3. Nc3 Bg7 4. e4 O-O 5. Nf3 d6 6. Be2 e5 7. O-O Nbd7 8. Re1
c6 9. Bf1 h6 10. d5 c5 11. Nd2 ({An alternative method of delaying Black's
intended ...f5 is} 11. g3 {followed by Nh4.}) 11... Ne8 12. g4 $5 {Otherwise
Black's play is just too straightforward.} Ndf6 ({If Black chances} 12... f5 {
then exchanging everything and using the e4 square is, I think, White's best
policy:} 13. gxf5 gxf5 14. exf5 Rxf5 15. Nde4 $16) 13. Be2 Qd7 14. f3 h5 15. h3
Nh7 16. Bd3 $5 Qe7 17. Re2 Ng5 18. Rh2 hxg4 19. fxg4 f5 20. h4 Nxe4 {Svidler
times his draw offer well, just before the position stabilises. I think White
has the better chances due to his firm hold over e4. For instance:} (20... Nxe4
21. Ndxe4 fxe4 22. Nxe4 Nf6 23. Bg5 Qd7 24. Bxf6 Bxf6 25. h5 (25. g5 $5 Bg7 (
25... Be7 26. h5 $40) 26. h5 $40) 25... Qxg4+ 26. Qxg4 Bxg4 27. hxg6 Bf5 28.
Rd1 Bxe4 29. Bxe4 Bg7 $11) 1/2-1/2

[Event "Bad Homburg"]
[Site "Bad Homburg"]
[Date "1998.07.19"]
[Round "3"]
[White "Svidler, Peter"]
[Black "Hort, Vlastimil"]
[Result "1-0"]
[WhiteElo "2690"]
[BlackElo "2510"]
[PlyCount "95"]
[EventDate "1998.07.17"]
[EventType "tourn"]
[EventRounds "9"]
[EventCountry "GER"]
[EventCategory "13"]
[SourceTitle "CBM 066"]
[Source "ChessBase"]
[SourceDate "1998.09.30"]
[SourceVersion "1"]
[SourceVersionDate "1998.09.30"]
[SourceQuality "1"]

1. e4 c6 2. d4 d5 3. e5 Bf5 4. Nf3 e6 5. Be2 h6 6. Nbd2 Ne7 7. Nf1 Nd7 8. c3
Bh7 9. Ng3 Nf5 10. Nh5 g6 11. Ng3 Nh4 12. Nxh4 Qxh4 13. O-O f5 14. exf6 Nxf6
15. Bd2 O-O-O 16. b4 Bd6 17. b5 cxb5 18. Qb3 g5 19. Qxb5 h5 20. f3 Bxg3 21.
hxg3 Qxg3 22. Qc5+ Kb8 23. Qe7 Rhf8 24. Qg7 Ka8 25. Qxg5 Qc7 26. Rfc1 Bf5 27.
Bf4 Qf7 28. Qh4 Rg8 29. Bf1 Qg6 30. Rd1 Nd7 31. a4 Rc8 32. Qe7 Qg7 33. Qxg7
Rxg7 34. a5 a6 35. Rac1 Nb8 36. c4 dxc4 37. Bxc4 Nc6 38. Ba2 Rd8 39. d5 exd5
40. Rxd5 Rxd5 41. Bxd5 Bd7 42. Rc5 Be8 43. Be4 Ka7 44. Kf2 Re7 45. Rg5 b5 46.
Bd6 Re6 47. Rg7+ Ka8 48. Bh2 1-0

[Event "Bad Homburg"]
[Site "Bad Homburg"]
[Date "1998.07.21"]
[Round "5"]
[White "Svidler, Peter"]
[Black "Dautov, Rustem"]
[Result "1/2-1/2"]
[WhiteElo "2690"]
[BlackElo "2600"]
[PlyCount "26"]
[EventDate "1998.07.17"]
[EventType "tourn"]
[EventRounds "9"]
[EventCountry "GER"]
[EventCategory "13"]
[SourceTitle "CBM 066"]
[Source "ChessBase"]
[SourceDate "1998.09.30"]
[SourceVersion "1"]
[SourceVersionDate "1998.09.30"]
[SourceQuality "1"]

1. e4 c6 2. d4 d5 3. e5 Bf5 4. Nf3 e6 5. Be2 Ne7 6. Nbd2 Nd7 7. c3 h6 8. Nf1
Bh7 9. Ng3 c5 10. dxc5 Nxc5 11. Nd4 Nc6 12. f4 Qb6 13. O-O Ne4 1/2-1/2